Železo vo vysokom oxidačnom stupni v roztavených hydroxidoch bakalárska práca CD

Salvato in:
Dettagli Bibliografici
Autore principale: Švaňová, Katarína
Natura: Software Libro
Lingua:slovacco
Pubblicazione: Bratislava STU FCHPT 2013
Accesso online:Visualizza in OPAC
Tags: Aggiungi Tag
Nessun Tag, puoi essere il primo ad aggiungerne!!

MARC

LEADER 00000nam a2200000 a 4500
005 20260127134034.0
007 co ugu
008 130906 2013 000 0 slo d
035 |a vtls010540951 
039 9 |y 201309061047  |z mschk03 
040 |a STUSCHK1  |b slo  |c STUSCHK1  |e AACR2 
100 1 |a Švaňová, Katarína 
245 1 |a Železo vo vysokom oxidačnom stupni v roztavených hydroxidoch  |b bakalárska práca CD  |c Katarína Švaňová 
260 |a Bratislava  |b STU FCHPT  |c 2013 
300 |a 1 optický disk 
500 |a Obhájené: 08.07.2013 
500 |a Štud. program: Chemické technológie 
500 |a Štud. odbor: Chemické technológie 
500 |a Škol. pracovisko: Odd. anorganickej technológie 
500 |a Evid. číslo: FCHPT-5437-68635 
910 |a SCHK95 
999 |c 2617  |d 2617